Truyền kỳ mạn lục
Saved in:
| Main Author: | |
|---|---|
| Format: | Book |
| Language: | Vietnamese |
| Published: |
H.
Văn học
2001
|
| Series: | Tủ sách Văn học cổ - trung đại Việt Nam
|
| Subjects: | |
| Tags: |
Add Tag
No Tags, Be the first to tag this record!
|
| Institutions: | Mạng thư viện Đại học Đà Nẵng |
|---|
| LEADER | 01157nam a22003618a 4500 | ||
|---|---|---|---|
| 001 | 000005635 | ||
| 003 | 1781 | ||
| 005 | 20120511090521.0 | ||
| 008 | 110818s2001 b 000 0 od | ||
| 020 | |c 20000đ |d 1000b | ||
| 041 | 0 | |a 0202 | |
| 041 | 0 | |a vie | |
| 080 | |a ĐV13 | ||
| 082 | |a 895.9223 |b NG-D | ||
| 084 | |a V6(1)4-4 |b TR527K | ||
| 100 | 1 | |a Nguyễn Dữ | |
| 245 | 1 | 0 | |a Truyền kỳ mạn lục |c Nguyễn Dữ ; Trần Thị Băng Thanh giới thiệu và chỉnh lý |
| 260 | |a H. |b Văn học |c 2001 | ||
| 300 | |a 266tr |c 19cm | ||
| 490 | |a Tủ sách Văn học cổ - trung đại Việt Nam | ||
| 653 | |a Văn học trung đại | ||
| 653 | |a Truyện | ||
| 653 | |a Việt Nam | ||
| OWN | |a LSP | ||
| AVA | |a UDN50 |b LSP |d 895.9223 NG-D |e check_holdings |t Error 5003 Not defined in file expand_doc_bib_avail. |h N |k 1 | ||
| 999 | |a From the UDN01 | ||
| AVA | |a UDN50 |b LSP |d 895.9223 NG-D |e available |t Error 5001 Not defined in file expand_doc_bib_avail. |f 15 |g 1 |h N |i 0 |k 1 | ||
| TYP | |a Monograph | ||
| TYP | |a Printed language | ||
| 980 | |a Mạng thư viện Đại học Đà Nẵng | ||